All Songs in Wicked the Musical - Statistics

General Stats
  • This quiz has been taken 285 times
  • The average score is 15 of 19
Answer Stats
Sang By Answer % Correct
Glinda Popular
98%
Morrible and Elphaba The Wizard and I
97%
Elphaba Defying Gravity
96%
Glinda and Chorus No One Mourns the Wicked
95%
Fiyero, Glinda and Students Dancing Through Life
93%
Glinda, Elphaba and Chorus What is this Feeling?
93%
Elphaba I'm Not That Girl
90%
Glinda and Elphaba For Good
87%
Elphaba, Glinda and Chorus One Short Day
86%
Dillamond and Elphaba Something Bad
84%
Glinda and Students Dear Old Shiz
83%
The Wizard A Sentimental Man
81%
Elphaba No Good Deed
76%
Elphaba and Fiyero As Long As You're Mine
69%
The Wizard Wonderful
69%
Glinda and Chorus Thank Goodness
68%
Glinda I'm Not That Girl Reprise
65%
Chorus March of the Witch Hunters
54%
Nessarose The Wicked Witch of the East
50%
No matching quizzes found
Score Distribution
Percent of People with Each Score
Percentile by Number Answered
Your Score History
You have not taken this quiz